| 000 | 00582nam a22001817a 4500 | ||
|---|---|---|---|
| 999 |
_c184187 _d184187 |
||
| 005 | 20220114110824.0 | ||
| 010 | _aENG-131129 | ||
| 020 |
_a978-93-5442-054-2 _c1650.00 |
||
| 035 | _aEN-114661 | ||
| 037 | _bDBAD | ||
| 082 | _a327.5405 | ||
| 245 |
_aEastward Ho?: _cEdited by E. Sridharan _bIndia's Relations with the Indo-Pacific/ |
||
| 260 |
_aTelangana _bOrient Blackswan Private Limited _c2020 |
||
| 270 |
_bTelangana _a3-6-752 Himayatnagar _e500029 |
||
| 300 |
_axxii, 487p. _c23cm(hbk) _bIndex |
||
| 700 | _aSridharan, E. | ||
| 942 |
_2ddc _cEN _h327.5405 _mSRI |
||